Представление документа в формате MARC21

ПолеНазваниеЗначение
  Тип записи a
  Библиографический уровень m
001 Контрольный номер BIBLIOCLUB\0000683663
005 Дата корректировки 20230117154121.3
006 m o d
007 Элементы данных для физической характеристики c|||||||||||||
008 Кодируемые данные s2019 rus o rus d
020 Индекс ISBN __
a ISBN 978-5-7882-2683-5
041 Код языка издания 0_
a Код языка текста rus
084 Индекс другой классификации/Индекс ББК __
a Индекс другой классификации/Индекс ББК 37.257я73
b Номер единицы LBC/PL
2 Источник индекса rubbk
245 Заглавие 10
a Заглавие Основное технологическое оборудование мехового производства
b Продолж. заглавия учебное пособие
c Ответственность А. Р. Гарифуллина, М. М. Миронов, Г. Н. Кулевцов, Ф. С. Шарифуллин
c Ответственность Казанский национальный исследовательский технологический университет
260 Выходные данные __
a Место издания Казань
b Издательство Казанский научно-исследовательский технологический университет (КНИТУ)
c Дата издания 2019
300 Физическое описание __
a Объем 88 с.
b Иллюстрации/ тип воспроизводства ил.
504 Библиография __
a Библиография Библиогр.: с. 86.
653 Ключевые слова 1_
a Ключевые слова Учебник для высшей школы
700 Другие авторы _1
a Другие авторы Гарифуллина А. Р.
700 Другие авторы _1
a Другие авторы Кулевцов Г. Н.
700 Другие авторы _1
a Другие авторы Миронов М. М.
700 Другие авторы _1
a Другие авторы Шарифуллин Ф. С.
856 Электронный адрес документа 40
3 Область применения данных поля Университетская библиотека ONLINE
u URL https://biblioclub.ru/index.php?page=book&id=683663
952 Тип литературы __
c Вид литературы учебное пособие